Riconosci lo Stadio - Europa - Quiz n°2 - Statistics

Statistiche generali
  • Questo quiz è stato fatto 34 volte
  • Il punteggio medio è 4 su 10
Statistiche sulle risposte
con Immagini Risposta % Corretto
Stadio Vélodrome - Marsiglia
89%
Stadio Cívitas Metropolitano - Madrid
79%
Stadio Nereo Rocco - Trieste
68%
Stamford Bridge - Londra
61%
Philips Stadion
36%
Stadio Partizan - Belgrado
25%
Stadio dell'Esercito polacco - Varsavia
7%
Stadio Olimpico Fišt - Sochi
4%
Stadio Ernst Happel - Vienna
0%
Stadio Olimpico - Helsinki
0%
Nessun quiz corrispondente trovato
Distribuzione punteggi
Percentuale di utenti per punteggio
Percentile per numero di risposta
I tuoi punteggi nel tempo
Non hai fatto questo quiz